Normal view MARC view
  • Guichard, Léon

Entry Nombre Personal

Number of records used in: 1

001 - NUMERO DE CONTROL

  • campo de control: 58948

003 - IDENTIFICADOR DE NUMERO DE CONTROL

  • campo de control: MX-MxUPN

005 - FECHA Y HORA DE LA ÜLTIMA TRANSACCIÓN

  • campo de control: 20260306101319.0

008 - DATOS DE LONGITUD FIJA

  • campo de control de longitud fija: 260306nn acnnnaabn n aaa d

040 ## - FUENTE DE CATALOGACIÓN

  • Agencia original de catalogación: MX-MxUPN
  • Lenguaje de catalogación: spa

100 ## - ENCABEZAMIENTO - NOMBRE PERSONAL

  • Nombre personal: Guichard, Léon

670 ## - FUENTE EN LA QUE SE LOCALIZARON DATOS

  • Cita de la fuente: Histoires naturelles, 1967 :
  • Información localizada: portada (Léon Guichard)

902 ## - CATALOGADOR

  • Catalogador: VíctorGodínez/060326